Statistiken für Wortgemisch-Hauptstädte der Welt

Klicken Sie hier um das Quiz zu spielen!

Allgemein

  • Dieses Quiz wurde 112 mal gespielt
  • Das Durchschnittsergebnis liegt bei 15 aus 20

Antwortstatistiken

GemischHauptstadt% Korrekt
jauserelmJerusalem
97%
okotiTokio
96%
woghintsanWashington
95%
kenpigPeking
92%
ukosamMoskau
89%
lnodnoLondon
88%
spiraParis
88%
ranakaAnkara
87%
ucharawsWarschau
85%
ustadebpBudapest
75%
mhgosadicuMogadischu
75%
dukamassDamaskus
72%
gnokkbaBangkok
71%
ikoarKairo
69%
cerabnraCanberra
67%
saccaarCaracas
54%
josvaraeSarajevo
51%
hisnakasKinshasa
47%
kanstechtTaschkent
42%
lisrabaiBrasilia
40%

Verteilung der Resultate

Perzentil nach korrekt beantworteten Fragen

Anzahl Personen mit jedem Resultat

Ihre Resultats-Entwicklung

Sie haben dieses Quiz noch nicht gespielt